| 000 | 01068nam a2200277 a 4500 | ||
|---|---|---|---|
| 001 | BRCA_485 | ||
| 005 | 20190320203030.0 | ||
| 008 | 971007s1997 sp-a---##b---f000-0#spa-d | ||
| 020 | _a8481561541 | ||
| 040 |
_aDLC _cDLC |
||
| 050 | 4 |
_aNE654.D9 _b.H85 1997 |
|
| 100 | 1 |
_aHuidobro, Concha _91671 |
|
| 245 | 1 | 0 |
_aDurero y la Edad de Oro del grabado Alemán _bs. XV-XVI _cConcha Huidobro, [Friedrich Edelmayer]. |
| 260 |
_aMadrid _bElecta : Biblioteca Nacional _c1997 |
||
| 300 |
_a95 p. _bil. _c24 cm. |
||
| 440 | 0 |
_aGuías artísticas Electa _91672 |
|
| 500 | _aCatálogo de la exposición realizada en la Biblioteca Nacional de Madrid, 1997 | ||
| 504 | _aBibliografía: p. 86-88 | ||
| 600 | 1 | 4 |
_aDürer, Albrecht _d1471-1528 _xExposiciones _91673 |
| 610 | 2 | 4 |
_aBiblioteca Nacional _xExposiciones _zEspaña _91674 |
| 650 | 1 | 4 |
_aGrabado alemán _vExposiciones _ySiglo XV-XVI _91675 |
| 650 | 1 | 4 |
_aLibros ilustrados _ySiglo XV-XVI _zAlemania _91676 |
| 650 | 1 | 4 |
_aImpresiones _xExposiciones _yRenacimiento _zAlemania _91677 |
| 700 | 1 |
_aEdelmayer, Friedrich _91678 |
|
| 942 |
_2lcc _cB |
||
| 999 |
_c419 _d419 |
||